<?xml version="1.0" encoding="UTF-8"?>
<record
    xmlns:xsi="http://www.w3.org/2001/XMLSchema-instance"
    xsi:schemaLocation="http://www.loc.gov/MARC21/slim http://www.loc.gov/standards/marcxml/schema/MARC21slim.xsd"
    xmlns="http://www.loc.gov/MARC21/slim">

  <leader>00711nam a22001577a 4500</leader>
  <controlfield tag="003">OSt</controlfield>
  <controlfield tag="005">20151009110956.0</controlfield>
  <controlfield tag="008">151009b        xxu||||| |||| 00| 0 eng d</controlfield>
  <datafield tag="040" ind1=" " ind2=" ">
    <subfield code="c">RUA</subfield>
  </datafield>
  <datafield tag="082" ind1=" " ind2=" ">
    <subfield code="a">AVM VA 2008 B083 Or.1</subfield>
  </datafield>
  <datafield tag="100" ind1=" " ind2=" ">
    <subfield code="9">2436</subfield>
    <subfield code="a">VA, PICHTHIDA.</subfield>
  </datafield>
  <datafield tag="245" ind1=" " ind2=" ">
    <subfield code="a">The study on fattening pig raising on small scale prorthiet commune kompong trabek district prey veng province, &#x1780;&#x17B6;&#x179A;&#x179F;&#x17B7;&#x1780;&#x17D2;&#x179F;&#x17B6;&#x179B;&#x17BE;&#x1780;&#x17B6;&#x179A;&#x1785;&#x17B7;&#x1789;&#x17D2;&#x1785;&#x17B9;&#x1798;&#x1787;&#x17D2;&#x179A;&#x17BB;&#x1780;&#x179F;&#x17B6;&#x1785;&#x17CB;&#x179A;&#x1794;&#x179F;&#x17CB;&#x1780;&#x179F;&#x17B7;&#x1780;&#x179A;&#x1793;&#x17C5;&#x1783;&#x17BB;&#x17C6;&#x1794;&#x17D2;&#x179A;&#x1792;&#x17B6;&#x178F;&#x17BB; &#x179F;&#x17D2;&#x179A;&#x17BB;&#x1780;&#x1780;&#x17C6;&#x1796;&#x1784;&#x17CB;&#x178F;&#x17D2;&#x179A;&#x1794;&#x17C2;&#x1780; &#x1781;&#x17C1;&#x178F;&#x17D2;&#x178F;&#x1796;&#x17D2;&#x179A;&#x17C3;&#x179C;&#x17C2;&#x1784;</subfield>
  </datafield>
  <datafield tag="260" ind1=" " ind2=" ">
    <subfield code="a">Phnom Penh</subfield>
    <subfield code="b">RUA</subfield>
    <subfield code="c">2008</subfield>
  </datafield>
  <datafield tag="300" ind1=" " ind2=" ">
    <subfield code="a">46p.</subfield>
    <subfield code="b">ill.</subfield>
    <subfield code="c">29cm.</subfield>
  </datafield>
  <datafield tag="942" ind1=" " ind2=" ">
    <subfield code="2">ddc</subfield>
    <subfield code="c">AVM</subfield>
  </datafield>
  <datafield tag="999" ind1=" " ind2=" ">
    <subfield code="c">2292</subfield>
    <subfield code="d">2292</subfield>
  </datafield>
  <datafield tag="952" ind1=" " ind2=" ">
    <subfield code="0">0</subfield>
    <subfield code="1">0</subfield>
    <subfield code="2">ddc</subfield>
    <subfield code="4">0</subfield>
    <subfield code="6">AVM_VA_2008_000000000000000_B083_OR_1</subfield>
    <subfield code="7">0</subfield>
    <subfield code="9">9784</subfield>
    <subfield code="a">LBB</subfield>
    <subfield code="b">LBB</subfield>
    <subfield code="c">B083</subfield>
    <subfield code="d">2015-10-09</subfield>
    <subfield code="o">AVM VA 2008 B083 Or.1</subfield>
    <subfield code="p">RUA007853</subfield>
    <subfield code="r">2015-10-09</subfield>
    <subfield code="w">2015-10-09</subfield>
    <subfield code="y">AVM</subfield>
  </datafield>
  <datafield tag="952" ind1=" " ind2=" ">
    <subfield code="0">0</subfield>
    <subfield code="1">0</subfield>
    <subfield code="2">ddc</subfield>
    <subfield code="4">0</subfield>
    <subfield code="6">AVM_VA_2008_000000000000000_B083_OR_2</subfield>
    <subfield code="7">0</subfield>
    <subfield code="9">9785</subfield>
    <subfield code="a">LBB</subfield>
    <subfield code="b">LBB</subfield>
    <subfield code="c">B083</subfield>
    <subfield code="d">2015-10-09</subfield>
    <subfield code="o">AVM VA 2008 B083 Or.2</subfield>
    <subfield code="p">RUA007989</subfield>
    <subfield code="r">2015-10-09</subfield>
    <subfield code="w">2015-10-09</subfield>
    <subfield code="y">AVM</subfield>
  </datafield>
  <datafield tag="952" ind1=" " ind2=" ">
    <subfield code="0">0</subfield>
    <subfield code="1">0</subfield>
    <subfield code="2">ddc</subfield>
    <subfield code="4">0</subfield>
    <subfield code="6">AVM_VA_2008_000000000000000_B083_OR_3</subfield>
    <subfield code="7">0</subfield>
    <subfield code="9">9816</subfield>
    <subfield code="a">LBB</subfield>
    <subfield code="b">LBB</subfield>
    <subfield code="c">B083</subfield>
    <subfield code="d">2015-10-09</subfield>
    <subfield code="o">AVM VA 2008 B083 Or.3</subfield>
    <subfield code="p">RUA009938</subfield>
    <subfield code="r">2015-10-09</subfield>
    <subfield code="w">2015-10-09</subfield>
    <subfield code="y">AVM</subfield>
  </datafield>
  <datafield tag="952" ind1=" " ind2=" ">
    <subfield code="0">0</subfield>
    <subfield code="1">0</subfield>
    <subfield code="2">ddc</subfield>
    <subfield code="4">0</subfield>
    <subfield code="6">AVM_VA_2008_000000000000000_B083_OR_4</subfield>
    <subfield code="7">0</subfield>
    <subfield code="9">9817</subfield>
    <subfield code="a">LBB</subfield>
    <subfield code="b">LBB</subfield>
    <subfield code="c">B083</subfield>
    <subfield code="d">2015-10-09</subfield>
    <subfield code="o">AVM VA 2008 B083 Or.4</subfield>
    <subfield code="p">RUA025219</subfield>
    <subfield code="r">2015-10-09</subfield>
    <subfield code="w">2015-10-09</subfield>
    <subfield code="y">AVM</subfield>
  </datafield>
  <datafield tag="952" ind1=" " ind2=" ">
    <subfield code="0">0</subfield>
    <subfield code="1">0</subfield>
    <subfield code="2">ddc</subfield>
    <subfield code="4">0</subfield>
    <subfield code="6">AVM_VA_2008_000000000000000_B083_OR_5</subfield>
    <subfield code="7">0</subfield>
    <subfield code="9">9818</subfield>
    <subfield code="a">LBB</subfield>
    <subfield code="b">LBB</subfield>
    <subfield code="c">B083</subfield>
    <subfield code="d">2015-10-09</subfield>
    <subfield code="l">1</subfield>
    <subfield code="o">AVM VA 2008 B083 Or.5</subfield>
    <subfield code="p">RUA025077</subfield>
    <subfield code="r">2018-06-29</subfield>
    <subfield code="s">2018-06-16</subfield>
    <subfield code="w">2015-10-09</subfield>
    <subfield code="y">AVM</subfield>
  </datafield>
  <datafield tag="952" ind1=" " ind2=" ">
    <subfield code="0">0</subfield>
    <subfield code="1">0</subfield>
    <subfield code="2">ddc</subfield>
    <subfield code="4">0</subfield>
    <subfield code="6">AVM_VA_2008_000000000000000_B083_OR_6</subfield>
    <subfield code="7">0</subfield>
    <subfield code="9">9819</subfield>
    <subfield code="a">LBB</subfield>
    <subfield code="b">LBB</subfield>
    <subfield code="c">B083</subfield>
    <subfield code="d">2015-10-09</subfield>
    <subfield code="o">AVM VA 2008 B083 Or.6</subfield>
    <subfield code="p">RUA025241</subfield>
    <subfield code="r">2015-10-09</subfield>
    <subfield code="w">2015-10-09</subfield>
    <subfield code="y">AVM</subfield>
  </datafield>
  <datafield tag="952" ind1=" " ind2=" ">
    <subfield code="0">0</subfield>
    <subfield code="1">0</subfield>
    <subfield code="2">ddc</subfield>
    <subfield code="4">0</subfield>
    <subfield code="6">AVM_VA_2008_000000000000000_B083_OR_7</subfield>
    <subfield code="7">0</subfield>
    <subfield code="9">9820</subfield>
    <subfield code="a">LBB</subfield>
    <subfield code="b">LBB</subfield>
    <subfield code="c">B083</subfield>
    <subfield code="d">2015-10-09</subfield>
    <subfield code="o">AVM VA 2008 B083 Or.7</subfield>
    <subfield code="p">RUA025365</subfield>
    <subfield code="r">2015-10-09</subfield>
    <subfield code="w">2015-10-09</subfield>
    <subfield code="y">AVM</subfield>
  </datafield>
  <datafield tag="952" ind1=" " ind2=" ">
    <subfield code="0">0</subfield>
    <subfield code="1">0</subfield>
    <subfield code="2">ddc</subfield>
    <subfield code="4">0</subfield>
    <subfield code="6">AVM_VA_2008_000000000000000_B083_OR_8</subfield>
    <subfield code="7">0</subfield>
    <subfield code="9">9821</subfield>
    <subfield code="a">LBB</subfield>
    <subfield code="b">LBB</subfield>
    <subfield code="c">B083</subfield>
    <subfield code="d">2015-10-09</subfield>
    <subfield code="l">1</subfield>
    <subfield code="o">AVM VA 2008 B083 Or.8</subfield>
    <subfield code="p">RUA025491</subfield>
    <subfield code="r">2016-09-14</subfield>
    <subfield code="s">2016-09-06</subfield>
    <subfield code="w">2015-10-09</subfield>
    <subfield code="y">AVM</subfield>
  </datafield>
  <datafield tag="952" ind1=" " ind2=" ">
    <subfield code="0">0</subfield>
    <subfield code="1">0</subfield>
    <subfield code="2">ddc</subfield>
    <subfield code="4">0</subfield>
    <subfield code="6">AVM_VA_2008_000000000000000_B083_OR_9</subfield>
    <subfield code="7">0</subfield>
    <subfield code="9">9822</subfield>
    <subfield code="a">LBB</subfield>
    <subfield code="b">LBB</subfield>
    <subfield code="c">B083</subfield>
    <subfield code="d">2015-10-09</subfield>
    <subfield code="o">AVM VA 2008 B083 Or.9</subfield>
    <subfield code="p">RUA007644</subfield>
    <subfield code="r">2015-10-09</subfield>
    <subfield code="w">2015-10-09</subfield>
    <subfield code="y">AVM</subfield>
  </datafield>
  <datafield tag="952" ind1=" " ind2=" ">
    <subfield code="0">0</subfield>
    <subfield code="1">0</subfield>
    <subfield code="2">ddc</subfield>
    <subfield code="4">0</subfield>
    <subfield code="6">AVM_VA_2008_000000000000000_B083_OR_10</subfield>
    <subfield code="7">0</subfield>
    <subfield code="9">9823</subfield>
    <subfield code="a">LBB</subfield>
    <subfield code="b">LBB</subfield>
    <subfield code="c">B083</subfield>
    <subfield code="d">2015-10-09</subfield>
    <subfield code="o">AVM VA 2008 B083 Or.10</subfield>
    <subfield code="p">RUA007919</subfield>
    <subfield code="r">2015-10-09</subfield>
    <subfield code="w">2015-10-09</subfield>
    <subfield code="y">AVM</subfield>
  </datafield>
  <datafield tag="952" ind1=" " ind2=" ">
    <subfield code="0">0</subfield>
    <subfield code="1">0</subfield>
    <subfield code="2">ddc</subfield>
    <subfield code="4">0</subfield>
    <subfield code="6">AVM_VA_2008_000000000000000_B083_OR_11</subfield>
    <subfield code="7">0</subfield>
    <subfield code="9">9824</subfield>
    <subfield code="a">LBB</subfield>
    <subfield code="b">LBB</subfield>
    <subfield code="c">B083</subfield>
    <subfield code="d">2015-10-09</subfield>
    <subfield code="o">AVM VA 2008 B083 Or.11</subfield>
    <subfield code="p">RUA007716</subfield>
    <subfield code="r">2015-10-09</subfield>
    <subfield code="w">2015-10-09</subfield>
    <subfield code="y">AVM</subfield>
  </datafield>
</record>
